Every Country That Is A Constitutional Monarchy - Statistics

General Stats
  • This quiz has been taken 18 times
  • The average score is 19 of 28
Answer Stats
Country % Correct
Belgium
94%
Denmark
94%
Norway
94%
Sweden
94%
United Kingdom
94%
Andorra
88%
Netherlands
88%
Spain
88%
Luxembourg
81%
Australia
75%
Canada
75%
New Zealand
75%
Japan
69%
Antigua and Barbuda
63%
Belize
56%
Jamaica
56%
Malaysia
56%
St. Kitts and Nevis
56%
St. Lucia
56%
Bahamas
50%
Grenada
50%
Papua New Guinea
50%
St. Vincent and the Grenadines
50%
Thailand
50%
Tuvalu
50%
Lesotho
44%
Solomon Islands
38%
Cambodia
31%
No matching quizzes found
Score Distribution
Percent of People with Each Score
Percentile by Number Answered
Your Score History
You have not taken this quiz